000 00231nam a2200097Ia 4500
001 711377
005 20250826162807.0
008 250824s9999 xx 000 0 und d
245 0 _aPATASANA
_cAHMET ÜMİT
260 _bEVEREST YAYINLARI
999 _c711377
_d711377